Sea of Thieves Map Locations - Statistics

General Stats
  • This quiz has been taken 300 times
    255 since last reset
  • The average score is 35 of 111
Answer Stats
Answer % Correct
Plunder Outpost
93%
Golden Sands Outpost
81%
Sanctuary Outpost
80%
Ancient Spire Outpost
78%
Galleon's Grave Outpost
78%
Dagger Tooth Outpost
75%
Morrow's Peak Outpost
74%
Thieves' Haven
59%
Devil's Ridge
58%
Snake Island
58%
Chicken Isle
57%
Plunder Valley
57%
Smuggler's Bay
56%
Cannon Cove
55%
The Reaper's Hideout
55%
Mermaid's Hideaway
54%
Fort of the Damned
52%
Kraken's Fall
52%
The North Star Seapost
52%
Lone Cove
50%
Shark Bait Cove
50%
Shipwreck Bay
50%
Crook's Hollow
48%
Ruby's Fall
48%
Old Faithful Isle
47%
Sailor's Bounty
45%
Crescent Isle
44%
Lost Gold Fort
44%
The Crooked Masts
44%
Wanderers Refuge
43%
Ashen Reaches
42%
Discovery Ridge
41%
Flintlock Peninsula
41%
Marauder's Arch
41%
The Shores of Gold
40%
Stephen's Spoils
38%
Fetcher's Rest
37%
The Devil's Thirst
37%
Kraken Watchtower
36%
The Sunken Grove
35%
Cutlass Cay
33%
Rapier Cay
33%
The Crow's Nest Fortress
33%
Keel Haul Fort
32%
Lonely Isle
32%
Booty Isle
31%
Sea Dog's Rest
31%
Shrine of Tribute
31%
Skull Keep
31%
Hidden Spring Keep
29%
Molten Sands Fortress
29%
Brian's Bazaar
28%
Isle of Last Words
28%
Lookout Point
28%
Shrine of Hungering
28%
Roaring Traders
27%
Paradise Spring
26%
Three Paces East Seapost
26%
Tri-Rock Isle
26%
Glowstone Cay
25%
Barnacle Cay
24%
Boulder Cay
24%
Shark Fin Camp
24%
Shark Tooth Key
24%
Castaway Isle
23%
Old Salts Atoll
23%
Liar's Backbone
22%
Rum Runner Isle
22%
Lagoon of Whispers
21%
Mutineer Rock
21%
Twin Groves
21%
Sailor's Knot Stronghold
20%
Shrine of Ancient Tears
20%
The Finest Trading Post
20%
Royal Crest Fortress
19%
Sandy Shallows
19%
The Coral Fortress
19%
Imperial Crown Fortress
18%
Mercy's End Fortress
18%
Picaroon Palms
18%
Old Brinestone Fortress
17%
Ancient Gold Fortress
16%
Shrine of Ocean's Fortune
16%
Fools Lagoon
15%
Salty Sands
15%
Brimstone Rock
14%
Plunderer's Plight
14%
The Wild Treasures Store
14%
Black Sand Atoll
13%
Blind Man's Lagoon
13%
Cinder Islet
13%
Magma's Tide
13%
Scurvy Isley
13%
Traitor's Fate Fortress
13%
Cursewater Shores
12%
Roaring Sands
12%
Black Water Enclave
11%
Flame's End
11%
Shiver Retreat
11%
Treasury of Lost Ancients
11%
Forsaken Brink
10%
Shrine of Flooded Embrace
10%
Shrine of the Coral Tomb
10%
The Spoils of Plenty Store
10%
Treasury of the Secret Wilds
8%
Old Sailor's Isle
7%
Treasury of Sunken Shores
7%
Ferry of the Damned
6%
Scorched Pass
6%
The Glorious Sea Dog Tavern
6%
Athena's Fortune Hideout
5%
No matching quizzes found
Score Distribution
Percent of People with Each Score
Percentile by Number Answered
Your Score History
You have not taken this quiz since the last reset